000 01054nam a22003137a 4500
003 CHAP
005 20220817042448.0
008 971013s1983 r 00010 d
010 _a45497
011 _a46469
035 _a50610
040 _cCHAP
090 _aFolleto 8553
110 _aFAO
245 _aPlanificación del desarrollo de la acuicultura
_b: guía preliminar
260 _aRoma :
_bFAO,
_c1983
300 _a32 p.
490 _aFAO. Programa de desarrollo y coordinación de la acuicultura, ADCP/REP/83/20
590 _aBATCH-UPD
_b10
_c20130110
_lUCH01
_h1826
590 _aBATCH-UPD
_b10
_c20130410
_lUCH01
_h1159
590 _aBATCH-UPD
_b10
_c20130914
_lUCH01
_h1437
590 _aCONVERSION
_b10
_c20130109
_lUCH01
_h1325
650 1 4 _aPiscicultura.
_988531
710 0 _aPrograma de las Naciones Unidas para el Desarrollo.
_992305
830 0 _aFAO. Programa de desarrollo y coordinación de la acuicultura, ADCP/REP/83/20
_939664
901 _aBK
942 _cFOLL
949 _aFolleto 8553
_bBC
_cFAO
_d-113665
_eFAO1
_i50610
_si
999 _c45497
_d45497